[Event "Summer Cup"]
[Site "Wellington Chess Club"]
[Date "2019.02.21"]
[Round "3.10"]
[White "Forster, Bill"]
[Black "Ashe, Michael"]
[Result "1-0"]
[WhiteElo "2023"]
[BlackElo "1592"]

1. d4 Nf6 2. c4 e6 3. Nc3 Bb4 4. e3 c5 5. Bd3 b6 6. Ne2 Bb7 7. O-O O-O 8. a3
Ba5 $2 9. Na2 $5 {I thought this was winning material} 9... Na6 $1 {But I
realised Black had this sensible response as I waited}  ( {In Colpe (2367) -
Kartsev (2253), Dortmund 2015 Black fell in with White's plan and lost a whole
piece} 9... Qe7 $4 10. b4 Nc6 (10... cxb4 11. axb4 Bxb4 12. Nxb4 Qxb4 13. Ba3
{wins} ) 11. bxa5 { and 1-0 in 27} ) 10. dxc5 $2 {Black is now more than fine,
the Na2 looks and is stupid}  (10. Rb1 $1 {pursuing the idea is still good
apparently, but I couldn't make that work directly, so I "prepared" it, then
abandoned it altogether as the idea fell apart} ) 10... bxc5 11. b3 d5 12. Bb2
dxc4 13. Bxc4 Ne4 14. Qc2 Nd6 15. Bd3 Rc8 $6 16. Nf4 $6 {I should have just
grabbed the free pawn but for some unaccountable reason I thought I might be
able to create something more} 16... g6 17. Nh5 {This was my idea} 17... Ne8
{But what now?} 18. Nc3 $6 {Trying to get the stupid piece back in the game, if
I can somehow get it to say g4 it could win the game - but it's a lot of hops!}
18... c4 $1 {A very nice positional move by Michael, giving the pawn to free
the ideal c5 square for the knight}  ( {My follow up to} 18... gxh5 $2 {was
going to be} 19. Nd5 $2 {but the computer refutes that}  (19. Bxh7+ $1 {which I
couldn't make work is apparently winning in a slow burning way} ) 19... f5 {and
Black is winning} ) 19. bxc4 Nc5 20. Rfd1 Qg5 ( {The computer likes} 20... Nxd3
21. Rxd3 Qb6 22. Ng3 Rxc4 {and Black is doing very well (two bishops - White's
pieces aren't co-ordinating} ) 21. Ng3 Nxd3 22. Qxd3 Bxc3 $2 {One of the ideas
behind 18.Nc3?! was that in an ideal world Black would let me load up on the
long diagonal like this at some point } 23. Qxc3 {As far as I could see 23...f6
was now completely forced and I spent the time waiting wisely, trying to figure
out whether 24.Rd7 would lead anywhere good.} 23... Ba6 $4 {I am very
sympathetic, I know I have had exactly the same illusion (there's no problem -
g7 is covered), but I think only "from afar" not right here right now.} 24.
Qh8# 1-0

[Event "Summer Cup"]
[Site "Wellington Chess Club"]
[Date "2019.02.21"]
[Round "3.11"]
[White "Stracy, Don"]
[Black "Wilkins, Mark"]
[Result "0-1"]
[WhiteElo "1632"]
[BlackElo "1933"]

1. e4 c5 2. Nf3 g6 3. d4 cxd4 4. Qxd4 Nf6 5. Bb5 Nc6 6. Bxc6 dxc6 7. Qxd8+ Kxd8
8. Nc3 Bg7 9. Bf4 Ke8 10. O-O Nd7 11. e5 Nc5 12. Rfe1 h6 13. Nd4 Ne6 14. Nxe6
Bxe6 15. Rad1 g5 16. Bg3 h5 17. f3 g4 18. f4 h4 19. Bf2 b6 20. b3 Rd8 21. Rxd8+
Kxd8 22. Ne4 Bf5 23. c4 Ke8 24. g3 h3 25. Nc3 Kd8 26. Ne2 Kc7 27. Nd4 Bc8 28.
e6 Bf6 29. exf7 Rf8 30. Ne2 c5 31. Nc1 Rxf7 32. Nd3 Rf8 33. Ne5 Bf5 34. Rd1 a5
35. Kf1 Rd8 {white lost on time} 0-1

[Event "Summer Cup"]
[Site "Wellington Chess Club"]
[Date "2019.02.21"]
[Round "3.12"]
[White "Chen, Wei Kai"]
[Black "Darr, Samuel"]
[Result "1-0"]
[WhiteElo "1895"]
[BlackElo "1549"]

1. c4 c5 2. g3 g6 3. Bg2 Bg7 4. Nc3 Nc6 5. Nf3 Nf6 6. O-O O-O 7. d3 d6 8. e4 e5
9. Nd5 Nxd5 10. cxd5 Nd4 11. Nxd4 cxd4 12. f4 f5 13. Bd2 Bd7 14. Qb3 Qb6 15.
Qxb6 axb6 16. Bb4 Rfd8 17. Bxd6 fxe4 18. fxe5 exd3 19. Be4 Bb5 20. Rfd1 Bc4 21.
b3 Bb5 22. a4 Bd7 23. Rac1 Bxe5 24. Bxe5 Re8 25. Rxd3 Rxe5 26. Rxd4 Rf8 27. d6
Bh3 28. Bxb7 Re2 29. d7 Rd8 30. Rc8 Re1+ 31. Kf2 Rf1+ 32. Ke3 Rff8 33. Rxd8
Rxd8 34. Bc6 Kf7 35. b4 Bf5 36. a5 Ke7 37. a6 1-0

[Event "Summer Cup"]
[Site "Wellington Chess Club"]
[Date "2019.02.21"]
[Round "3.13"]
[White "Aldridge, Alan"]
[Black "Stannard, Lars"]
[Result "1-0"]
[WhiteElo "1877"]
[BlackElo "1357"]

1. d4 d5 2. c4 e6 3. Nc3 Nf6 4. Bg5 Be7 5. e3 a6 6. Rc1 h6 7. Bxf6 Bxf6 8. Nf3
Nc6 9. Bd3 dxc4 10. Bxc4 b5 11. Nxb5 axb5 12. Bxb5 Bd7 13. Bxc6 Rxa2 14. Bxd7+
Qxd7 15. Qb3 Ra8 16. O-O O-O 17. Qc3 Rfc8 18. Nd2 c5 19. Ne4 Be7 20. Nxc5 Qa7
21. b4 Qb6 22. Rb1 Qb5 23. Rfc1 Rc7 24. g3 Rca7 25. Qd3 Rb8 26. Qxb5 Rxb5 27.
Rc2 Ra8 28. Kg2 Rab8 29. Rcb2 Bd6 30. Kf3 e5 31. Nd7 R8b7 32. Nxe5 Bxb4 33. Nd3
1-0

[Event "Summer Cup"]
[Site "Wellington Chess Club"]
[Date "2019.02.21"]
[Round "3.15"]
[White "Farrington, Lawrence"]
[Black "Stannard, Bobby"]
[Result "1-0"]
[WhiteElo "1755"]
[BlackElo "1357"]

1. e4 e6 2. d4 d5 3. Nc3 c5 4. Be3 cxd4 5. Bxd4 Nc6 6. Bb5 a6 7. Bxc6+ bxc6 8.
Nf3 Nf6 9. exd5 cxd5 10. O-O Be7 11. Ne5 O-O 12. Qf3 Nd7 13. Nc6 Qe8 14. Nxe7+
Qxe7 15. Qg3 Nf6 16. Rfe1 Nh5 17. Qe3 Bb7 18. Na4 Rfe8 19. Nc5 Bc6 20. Nd3 Nf6
21. Qg3 Nh5 22. Qf3 g6 23. Ne5 Bb5 24. Ng4 Rec8 25. c3 f5 26. Nh6+ Kf8 27. Ng4
Kg8 28. Ne5 Nf6 29. Qh3 Ne4 30. f3 Nd2 31. Qh6 Nc4 32. Nxc4 Rxc4 33. Rxe6 Qf7
34. Rae1 a5 35. Re7 Qf8 36. Qxh7# 1-0

[Event "Summer Cup"]
[Site "Wellington Chess Club"]
[Date "2019.02.21"]
[Round "3.16"]
[White "Hurndell, Robert"]
[Black "Dixon, Hamish"]
[Result "0-1"]
[WhiteElo "1518"]
[BlackElo "1701"]

1. Nf3 d5 2. d4 g6 3. g3 Bg7 4. Bg2 Nf6 5. Nc3 c6 6. O-O O-O 7. Re1 Ne4 8. Ng5
Nxc3 9. bxc3 Nd7 10. e4 h6 11. Nh3 dxe4 12. Rxe4 Nf6 13. Re2 Re8 14. Qe1 Bg4
15. f3 Bxh3 16. Bxh3 e6 17. Bf4 Nd5 18. Bd2 b5 19. Rb1 Re7 20. Rb3 Qd6 21. Bg2
Rb8 22. f4 c5 23. Bxd5 Qxd5 24. dxc5 Qxc5+ 25. Be3 Qc4 26. Qd2 Rc7 27. Qd3 Qxd3
28. cxd3 Bxc3 29. Rc2 b4 30. a3 a5 31. axb4 axb4 32. Kg2 Rbc8 33. Kf3 Be1 34.
Rxc7 Rxc7 35. Ke2 Bc3 36. Bd2 Kg7 37. Bxc3+ bxc3 38. Kd1 c2+ 39. Kc1 Kf6 40. g4
h5 41. h3 hxg4 42. hxg4 g5 43. fxg5+ Kxg5 44. Rb4 e5 45. Re4 f6 46. d4 Rc4 47.
Re2 exd4 48. Rxc2 Rxc2+ 49. Kxc2 Kxg4 0-1

[Event "Summer Cup"]
[Site "Wellington Chess Club"]
[Date "2019.02.21"]
[Round "3.17"]
[White "Kibblewhite, Daniel"]
[Black "He, Paul"]
[Result "0-1"]
[WhiteElo "1496"]
[BlackElo "1687"]

1. d4 Nf6 2. c4 g6 3. Nc3 d5 4. cxd5 Nxd5 5. e4 Nxc3 6. bxc3 Bg7 7. Nf3 c5 8.
Bc4 O-O 9. O-O Bg4 10. Be3 Qc7 11. h3 Bxf3 12. Qxf3 cxd4 13. cxd4 Qxc4 14. Rfc1
Qa6 15. Rc7 Nc6 16. Rd7 Rad8 17. Rxd8 Rxd8 18. Bg5 Nxd4 19. Qd3 Qxd3 0-1

[Event "Summer Cup"]
[Site "Wellington Chess Club"]
[Date "2019.02.21"]
[Round "3.18"]
[White "Rabina, Romeo"]
[Black "Mullan, Brett"]
[Result "1/2-1/2"]
[WhiteElo "1662"]
[BlackElo "1934"]

1. e4 e5 2. Nf3 Nc6 3. d4 exd4 4. Nxd4 Qe7 5. Nc3 Nf6 6. Bg5 h6 7. Bxf6 Qxf6 8.
Nxc6 Qxc6 9. Qd5 Bb4 10. Qxc6 bxc6 11. Kd2 d6 12. Bd3 O-O 13. a3 Ba5 14. Rhf1
Bd7 15. b4 Bb6 16. Na4 Rfe8 17. Nxb6 cxb6 18. f4 a5 19. c3 b5 20. h3 Ra7 21.
Kc2 Rea8 22. bxa5 Rxa5 23. Kb2 Kf8 24. g4 Ke7 25. Bc2 c5 26. Bd3 Bc6 27. Rfe1
Ra4 28. Bc2 R4a7 29. Bb3 c4 30. Bc2 f6 31. Re3 Kf7 32. h4 Re8 33. Rae1 Rae7 34.
e5 dxe5 35. fxe5 Rxe5 36. Rxe5 Rxe5 37. Rxe5 fxe5 38. Bd1 Kf6 39. Kc1 e4 40.
Kd2 Ke5 41. Ke3 g6 42. Be2 Be8 43. Bd1 1/2-1/2

[Event "Summer Cup"]
[Site "Wellington Chess Club"]
[Date "2019.02.21"]
[Round "3.19"]
[White "Lyall, Gordon"]
[Black "Enegbuma, Wallace"]
[Result "1-0"]
[WhiteElo "1923"]
[BlackElo "1000"]

1. e4 c5 2. Nc3 Nc6 3. f4 e6 4. Nf3 Be7 5. Bb5 a6 6. Bxc6 bxc6 7. O-O Nf6 8. d3
a5 9. b3 h5 10. Ba3 Ng4 11. Qe1 Qb6 12. Kh1 Ba6 13. Na4 Qa7 14. c4 Bb7 15. e5
d5 16. exd6 Bxd6 17. f5 Kd7 18. fxe6+ fxe6 19. Ng5 Rae8 20. Nf7 Qb8 21. Nxh8
Bxh2 22. Rf7+ Kd8 23. Qh4+ Nf6 24. Qxh2 Qxh2+ 25. Kxh2 Ng4+ 26. Kg1 1-0

[Event "Summer Cup"]
[Site "Wellington Chess Club"]
[Date "2019.02.21"]
[Round "3.21"]
[White "Bennett, Ezra"]
[Black "Quayle, Jamie"]
[Result "0-1"]
[WhiteElo "1404"]
[BlackElo "1300"]

1. Nf3 c5 2. g3 Nc6 3. d3 d5 4. Bg2 Nf6 5. O-O Bg4 6. Nbd2 e6 7. c4 Be7 8. cxd5
exd5 9. Qa4 O-O 10. e4 Bd7 11. a3 a6 12. Re1 Re8 13. Qc2 Rc8 14. Ng5 Nd4 15.
Qd1 Bb5 16. Ndf3 dxe4 17. Nxe4 Nxf3+ 18. Qxf3 Bxd3 19. Nxf6+ gxf6 20. Qg4+ Bg6
21. Bh6 Qb6 22. Rxe7 f5 23. Rxb7 Qxb7 24. Bxb7 fxg4 25. Bxc8 Rxc8 26. Rc1 f6
27. Rc4 Bf7 28. Rxg4+ Bg6 29. f3 c4 30. f4 Kf7 31. f5 Bxf5 32. Rg7+ Ke6 33. Ra7
Rc6 34. Bf4 Kd5 35. Rd7+ Bxd7 0-1

[Event "Summer Cup"]
[Site "Wellington Chess Club"]
[Date "2019.02.21"]
[Round "3.22"]
[White "Heyworth, Nicholas"]
[Black "Cooke, Xandi"]
[Result "1-0"]
[WhiteElo "1532"]
[BlackElo "1200"]

1. e4 c5 2. Nc3 Nf6 3. f4 d5 4. Bb5+ Bd7 5. Bxd7+ Qxd7 6. e5 Ne4 7. Nxe4 dxe4
8. Qe2 Qc6 9. Nh3 h6 10. O-O f6 11. Qh5+ Kd8 12. Nf2 Nd7 13. Re1 e6 14. Nxe4 f5
15. Ng5 Kc7 16. Nf7 Rh7 17. Qg6 c4 18. Qxh7 Bc5+ 19. Kh1 Bf2 20. Rf1 Qe4 21. b3
Qxc2 22. Qxg7 cxb3 23. axb3 Qxb3 24. Ba3 Bd4 25. Rac1+ Kb6 26. Rb1 1-0

[Event "Summer Cup"]
[Site "Wellington Chess Club"]
[Date "2019.02.21"]
[Round "3.23"]
[White "Theodosiou, Andreas"]
[Black "Anderson, Nicholai"]
[Result "1-0"]
[WhiteElo "1356"]
[BlackElo "1100"]

1. e4 e5 2. Nf3 Nf6 3. Nc3 Nc6 4. Bc4 Bb4 5. d3 O-O 6. O-O d6 7. Bg5 Bg4 8. a3
Bxc3 9. bxc3 Rb8 10. Rb1 a6 11. a4 Ra8 12. Re1 Qd7 13. Bxf6 Na5 14. Bd5 c6 15.
Ba2 c5 16. Re3 Qxa4 17. Ra1 Qd7 18. Qd2 Rfe8 19. d4 gxf6 20. dxe5 Qa4 21. Bxf7+
Kxf7 22. Rxa4 Nc6 23. Qd5+ Be6 24. Qxd6 Rad8 25. Qxc5 Rd1+ 26. Re1 Red8 27.
exf6 Bg4 28. Qc4+ Kxf6 29. Qf1 Bxf3 30. gxf3 Rg8+ 31. Kh1 Rd7 32. e5+ Ke6 33.
Qh3+ Ke7 34. Qxh7+ Kd8 35. Qxg8+ Kc7 36. e6 Rd6 37. e7 Nxe7 38. Rxe7+ 1-0

[Event "Summer Cup"]
[Site "Wellington Chess Club"]
[Date "2019.02.21"]
[Round "3.24"]
[White "Asher, Bruce"]
[Black "Dunlop, Rafe"]
[Result "0-1"]
[WhiteElo "1216"]
[BlackElo "1000"]

1. e4 c5 2. Nc3 e6 3. Bc4 Nf6 4. Nf3 Nc6 5. d3 d5 6. exd5 exd5 7. Bb5 Bg4 8.
Bg5 Be7 9. Qd2 O-O 10. d4 Bxf3 11. gxf3 Nxd4 12. Qf4 Nxc2+ 13. Ke2 Nxa1 14.
Rxa1 h6 15. Bxf6 Bxf6 16. Rg1 a6 17. Bd3 Re8+ 18. Kd2 d4 19. Qxh6 dxc3+ 20.
bxc3 g6 21. Kc2 g5 22. Qh7+ Kf8 23. Rd1 Qd5 24. Qh6+ Ke7 25. Re1+ Kd7 26. Rxe8
Rxe8 27. Qxf6 Qxa2+ 28. Kd1 Qb3+ 29. Kd2 Qa2+ 30. Bc2 Qd5+ 31. Bd3 c4 32. Qd4
Qxd4 33. cxd4 cxd3 34. Kxd3 Rh8 35. d5 Rh4 0-1

[Event "Summer Cup"]
[Site "Wellington Chess Club"]
[Date "2019.02.21"]
[Round "3.26"]
[White "Paley, Yonah"]
[Black "Carroll, Lewis"]
[Result "0-1"]
[WhiteElo "1100"]
[BlackElo "1178"]

1. e4 e5 2. Nf3 Nf6 3. Nxe5 d6 4. Nf3 Nxe4 5. Qe2 Qe7 6. d4 d5 7. a3 Nc6 8. h3
Bf5 9. Be3 Qf6 10. g3 Na5 11. Qb5+ Nc6 12. Qxb7 Rb8 13. Qxc7 Bd7 14. Bg2 Bd6
15. Qxb8+ Bxb8 16. Nc3 Ne7 17. g4 Nxc3 18. bxc3 O-O 19. O-O Qg6 20. Rfc1 f5 21.
Ne5 Bxe5 22. dxe5 fxg4 23. hxg4 Bxg4 24. Kf1 Nf5 25. Bxd5+ Kh8 26. Bxa7 Qa6+
27. Kg2 Qxa7 28. Re1 Nh4+ 29. Kg3 Qxf2+ 30. Kxg4 Rf4+ 31. Kh3 Ng2 32. Re4 Rf3+
33. Kh2 Nf4+ 34. Kh1 Rh3# 0-1

[Event "Summer Cup"]
[Site "Wellington Chess Club"]
[Date "2019.02.28"]
[Round "4.1"]
[White "Ker, Anthony"]
[Black "Nijman, Brian"]
[Result "1/2-1/2"]
[WhiteElo "2475"]
[BlackElo "2175"]

1. e4 e6 2. d4 d5 3. Nd2 Be7 4. Ngf3 Nf6 5. Bd3 c5 6. c3 Nc6 7. O-O cxd4 8.
cxd4 Qb6 9. e5 Nd7 10. Nb3 a5 11. a4 h6 12. Be3 Nf8 13. Rc1 Bd7 14. Nc5 Nb4 15.
Qb3 Bc6 16. Rc3 Nd7 17. Nxd7 Kxd7 18. Rfc1 Rhc8 19. Be2 Qd8 20. Ne1 Ke8 21. Nd3
Nxd3 22. Bxd3 Bb4 23. R3c2 Qd7 24. Qa2 Kd8 25. b3 Rc7 26. Bd2 Qe7 27. Bxb4 Qxb4
28. Qb2 Rac8 29. Qc3 Qxc3 30. Rxc3 Bd7 31. Rxc7 Rxc7 32. Rxc7 Kxc7 33. f4 b5
34. Bc2 Bc8 35. h4 Ba6 36. Kf2 b4 37. g4 Kd8 38. f5 Ke7 39. Ke3 Bf1 40. Kf4 Be2
41. g5 hxg5+ 42. hxg5 Kf8 43. f6 g6 1/2-1/2

[Event "Summer Cup"]
[Site "Wellington Chess Club"]
[Date "2019.02.28"]
[Round "4.2"]
[White "Wastney, Scott"]
[Black "Winter, Ryan"]
[Result "1/2-1/2"]
[WhiteElo "2396"]
[BlackElo "2118"]

1. e4 c6 2. d4 d5 3. exd5 cxd5 4. Bd3 Nc6 5. c3 Nf6 6. Bf4 Bg4 7. Qb3 Qc8 8.
Nd2 e6 9. Ngf3 Be7 10. O-O O-O 11. Ne5 Bh5 12. Qc2 Qd8 13. Ndf3 Rc8 14. Nxc6
Rxc6 15. Ne5 Rc8 16. Rae1 Bg6 17. Nxg6 hxg6 18. Re3 Bd6 19. Bxd6 Qxd6 20. Qe2
Rfe8 21. f4 a6 22. Rh3 Kf8 23. Qe3 Ke7 24. Qg3 Rh8 25. Rh4 Kd7 26. Re1 Rce8 27.
Re3 Rxh4 28. Qxh4 Kc7 29. Qg5 Rh8 30. g4 Rh6 31. Rg3 Nd7 32. f5 f6 33. Qe3 e5
34. g5 fxg5 35. Qxg5 e4 36. Be2 gxf5 37. Qxf5 Rf6 38. Qg5 g6 39. Bg4 Nb8 40.
Qe5 Nc6 41. Qxd6+ Kxd6 42. Bc8 Kc7 43. Bg4 b5 44. Be2 b4 45. Bxa6 Nxd4 46. cxd4
Rxa6 47. a3 bxa3 48. bxa3 Kd7 49. Rg5 Ra5 50. Rxg6 Rxa3 51. h4 Rh3 52. Rg5 Rxh4
53. Rxd5+ Kc6 54. Rc5+ Kd6 55. Kf2 Rh3 56. Re5 Rd3 57. Rxe4 Kd5 58. Rh4 Rxd4
1/2-1/2

[Event "Summer Cup"]
[Site "Wellington Chess Club"]
[Date "2019.02.28"]
[Round "4.3"]
[White "Croad, Nicolas"]
[Black "Pomeroy, Arthur"]
[Result "1-0"]
[WhiteElo "2445"]
[BlackElo "2082"]

1. d4 Nf6 2. c4 g6 3. Nc3 Bg7 4. e4 d6 5. h3 O-O 6. Nf3 e5 7. d5 a5 8. Bg5 Na6
9. Nd2 Qe8 10. Be2 Nc5 11. g4 c6 12. h4 Bd7 13. h5 b5 14. hxg6 fxg6 15. dxc6
Bxc6 16. cxb5 Nfxe4 17. Ndxe4 Nxe4 18. Nxe4 Bxe4 19. f3 Bb7 20. Qxd6 Rc8 21.
O-O e4 22. f4 e3 23. f5 Bxb2 24. Rab1 Be5 25. Qe6+ Kh8 26. Be7 Bg7 27. f6 1-0

[Event "Summer Cup"]
[Site "Wellington Chess Club"]
[Date "2019.02.28"]
[Round "4.4"]
[White "Cilia Vincenti, David"]
[Black "Tanoi, Edward"]
[Result "1-0"]
[WhiteElo "2208"]
[BlackElo "2060"]

1. d4 Nf6 2. c4 c5 3. d5 e6 4. Nc3 exd5 5. cxd5 d6 6. e4 g6 7. f3 Bg7 8. Nge2
O-O 9. Ng3 Nbd7 10. Be2 a6 11. a4 Ne5 12. f4 Ned7 13. O-O Re8 14. Bf3 Rb8 15.
a5 b5 16. axb6 Qxb6 17. Kh1 Qb3 18. Be2 Qxd1 19. Rxd1 Nb6 20. h3 h5 21. e5 dxe5
22. fxe5 Nfd7 23. e6 fxe6 24. Bf4 e5 25. Be3 Bb7 26. Nge4 Nf6 27. Nxf6+ Bxf6
28. Bxc5 Nd7 29. Ne4 Be7 30. Bxe7 Rxe7 31. Bxa6 Bxa6 32. Rxa6 Rxb2 33. Rxg6+
Rg7 34. Rxg7+ Kxg7 35. Rc1 Rb4 36. Ng5 Kf6 37. Nf3 e4 38. Rc6+ Kf5 39. Nh4+ Ke5
40. Rh6 Kxd5 41. Rxh5+ Kd4 42. Rh7 Nf6 43. Re7 Kd3 44. Nf5 Rb1+ 45. Kh2 Rb5 46.
g4 Nd5 47. Re5 e3 48. Nxe3 Rb2+ 49. Ng2 Nf4 50. g5 Nxg2 51. Kg3 Kd4 52. Re8 Ne3
53. h4 Nf5+ 54. Kg4 Rf2 55. g6 Kd5 56. h5 Ng7 57. Rg8 Nxh5 $4 {With a handful
of minutes remaining and believing  myself to be worse for so long I thought
the end was near and miscalculated, saw  ghosts and blundered.}  (57... Nf5 $1
{keeps the draw but I believed I was losing  and delaying the inevitable.} )
58. Kxh5 Ke6 59. Re8+ Kd7 60. Re4 Rh2+ 61. Kg5 Rg2+ 62. Kf6 Rf2+ 63. Kg7 Rf5
64. Kg8 Rf1 65. g7 Rg1 66. Kh7 Rh1+ 67. Kg6 Rg1+ 68. Kf6 Rf1+ 69. Kg5 1-0

[Event "Summer Cup"]
[Site "Wellington Chess Club"]
[Date "2019.02.28"]
[Round "4.5"]
[White "Chen, Wei Kai"]
[Black "Dive, Russell"]
[Result "0-1"]
[WhiteElo "1895"]
[BlackElo "2433"]

1. b3 d5 2. Bb2 Bf5 3. e3 Nf6 4. f4 e6 5. Nf3 h6 6. Be2 Be7 7. O-O O-O 8. c4 c5
9. Na3 Nc6 10. Nc2 a5 11. h3 a4 12. bxa4 Qb6 13. Rb1 Qa7 14. g4 Bh7 15. g5 hxg5
16. Nxg5 Bf5 17. cxd5 exd5 18. Bb5 d4 19. exd4 Nxd4 20. Nxd4 cxd4 21. d3 Bd7
22. Bc4 Bxa4 23. Qe2 b5 24. Bb3 Bxb3 25. axb3 Qd7 26. Qe5 Rad8 27. Rbc1 Bb4 28.
Rc7 Qd5 29. Ra1 Bd6 30. Qxd5 Nxd5 31. Rb7 Bxf4 32. Ne4 Be3+ 33. Kh1 b4 34. Raa7
Kh7 35. Ng3 Kg6 36. Ra6+ f6 37. Raa7 Rg8 38. Ne4 Nf4 39. Nc5 Rd5 40. Na6 Rh5
0-1

[Event "Summer Cup"]
[Site "Wellington Chess Club"]
[Date "2019.02.28"]
[Round "4.6"]
[White "Dixon, Hamish"]
[Black "Nyberg, Michael"]
[Result "0-1"]
[WhiteElo "1701"]
[BlackElo "2099"]

1. e4 e6 2. d4 d5 3. Bd3 dxe4 4. Bxe4 Nf6 5. Bf3 c5 6. Ne2 Qb6 7. O-O Nc6 8. c3
Be7 9. dxc5 Bxc5 10. b4 Be7 11. Be3 Qc7 12. Qb3 e5 13. Ng3 h5 14. Ne4 Be6 15.
Qa4 Bc4 16. Rd1 Nd5 17. Na3 Nxe3 18. fxe3 Be6 19. Nb5 Qb6 20. Nbd6+ Kf8 21. Kf2
Rd8 22. Nb5 Re8 23. Rd2 a6 24. Nbd6 Rd8 25. Rad1 Bh4+ 26. g3 Be7 27. Nc5 Bxd6
28. Nxe6+ fxe6 29. Rxd6 Rxd6 30. Rxd6 Ke7 31. Rd2 Rf8 32. Ke2 g6 33. a3 Nb8 34.
c4 Qc7 35. c5 h4 36. Rd6 hxg3 37. hxg3 Nd7 38. Qb3 Rf6 39. Bg4 Nf8 40. e4 Qc8
41. Qc4 b5 42. Qc3 Nd7 43. Qd3 Nb8 44. Rb6 Nd7 45. Qd6+ Ke8 46. Bxe6 Nxb6 47.
Qxe5 Qxe6 48. Qxe6+ Rxe6 49. cxb6 Rxb6 0-1